[Event "HUN-chT2 Charousek 1819"]
[Site "Hungary"]
[Date "2019.04.28"]
[Round "11.11"]
[White "Horvath, Csongor Endre"]
[Black "Makk, Norbert"]
[Result "0-1"]
[WhiteElo "1841"]
[BlackElo "2021"]
[PlyCount "106"]
[EventDate "2018.09.23"]
[EventType "team-tourn"]
[EventRounds "11"]
[EventCountry "HUN"]
[SourceTitle "EXT 2021"]
[Source "ChessBase"]
[SourceDate "2020.10.23"]
[SourceVersion "1"]
[SourceVersionDate "2020.10.23"]
[SourceQuality "1"]
[WhiteTeam "Aquaprofit Nagykanizsa II"]
[BlackTeam "Szentgotthard Alsoszolnok"]
[WhiteTeamCountry "HUN"]
[BlackTeamCountry "HUN"]

1. e4 e5 2. Ne2 Nf6 3. Nbc3 d5 4. exd5 Nxd5 5. g3 Bb4 6. Bg2 Be6 7. 0-0 0-0 8. a3 Ba5 9. b4 Bb6 10. Na4 c6 11. Nxb6 Qxb6 12. Bb2 Nd7 13. d4 Qc7 14. c4 N5b6 15. d5 cxd5 16. cxd5 Bg4 17. f3 Nc4 18. fxg4 Nxb2 19. Qb3 Nc4 20. Qd3 Qb6+ 21. Kh1 Ne3 22. Rf3 Nxg4 23. Qf5 Ndf6 24. h3 Ne3 25. Qg5 Nfxd5 26. Qxe5 Rae8 27. Qb2 Nxg2 28. Kxg2 Re4 29. Rc1 Rfe8 30. Nc3 Qd4 31. Qb3 Qd2+ 32. Rf2 Ne3+ 33. Kf3 Qd3 34. Qb1 Nc2+ 35. Kg2 Qxc3 36. Qxc2 Qxc2 37. Rcxc2 f6 38. Rc7 R8e7 39. Rfc2 Kf7 40. Kf3 Re3+ 41. Kf4 g5+ 42. Kf5 Rf3+ 43. Kg4 Rxa3 44. Rxe7+ Kxe7 45. Rc7+ Ke6 46. Rxb7 h5+ 47. Kxh5 Rxg3 48. Rxa7 Rxh3+ 49. Kg6 g4 50. b5 g3 51. Ra1 g2 52. Re1+ Kd5 53. Kxf6 Rh1 0-1

[Event "HUN-chT2 Charousek 1819"]
[Site "Hungary"]
[Date "2019.02.10"]
[Round "7.12"]
[White "Horvath, Csongor Endre"]
[Black "Juhasz, Judit"]
[Result "1-0"]
[WhiteElo "1841"]
[BlackElo "1956"]
[PlyCount "75"]
[EventDate "2018.09.23"]
[EventType "team-tourn"]
[EventRounds "11"]
[EventCountry "HUN"]
[SourceTitle "CBM 189 Extra"]
[Source "ChessBase"]
[SourceDate "2019.06.03"]
[SourceVersion "1"]
[SourceVersionDate "2019.06.03"]
[SourceQuality "1"]
[WhiteTeam "Aquaprofit Nagykanizsa II"]
[BlackTeam "Tapolca Varosi"]
[WhiteTeamCountry "HUN"]
[BlackTeamCountry "HUN"]

1. e4 c5 2. Ne2 Nc6 3. Nbc3 Nf6 4. g3 d6 5. Bg2 Nd4 6. 0-0 Bg4 7. f3 Bd7 8. f4 Bc6 9. d3 g6 10. h3 Bg7 11. Kh2 Nd7 12. Nxd4 cxd4 13. Nd5 a5 14. f5 Rc8 15. fxg6 hxg6 16. Nf4 Ne5 17. c4 Qd7 18. Nd5 Bxd5 19. exd5 b5 20. b3 Ng4+ 21. Kg1 Ne3 22. Bxe3 dxe3 23. Rc1 Bd4 24. Kh2 b4 25. Rf4 Qa7 26. Qg4 f5 27. Qxg6+ Kd8 28. Qxf5 Bc3 29. Qe6 a4 30. Rc2 axb3 31. axb3 Bd2 32. h4 Qa3 33. Bh3 Rc7 34. Qh6 Re8 35. Rf8 Qa1 36. Be6 Rb7 37. Rxe8+ Kxe8 38. Ra2 1-0

[Event "HUN-ch U14"]
[Site "Balatonlelle"]
[Date "2015.06.20"]
[Round "3"]
[White "Szabo, Marton Mihaly"]
[Black "Horvath, Csongor Endre"]
[Result "1-0"]
[WhiteElo "1864"]
[BlackElo "1523"]
[PlyCount "59"]
[EventDate "2015.06.18"]
[EventType "swiss"]
[EventRounds "9"]
[EventCountry "HUN"]
[SourceTitle "CBM 167 Extra"]
[Source "ChessBase"]
[SourceDate "2015.09.14"]
[SourceVersion "1"]
[SourceVersionDate "2015.09.14"]
[SourceQuality "1"]

1. e4 c5 2. b4 cxb4 3. d4 d6 4. Nf3 Bg4 5. Bc4 Qc7 6. Bxf7+ Kxf7 7. Ng5+ Ke8 8. Qxg4 Nf6 9. Qe6 Qxc2 10. 0-0 Nc6 11. Nf7 Nxd4 12. Nxd6+ Kd8 13. Nxb7+ Kc7 14. Qe5+ Kxb7 15. Qxd4 Qxe4 16. Qc5 Rc8 17. Qb5+ Ka8 18. a3 Rb8 19. Qa5 b3 20. Nc3 Qc4 21. Be3 a6 22. Rfd1 Qc8 23. Na4 Rb5 24. Qxb5 axb5 25. Nb6+ Kb7 26. Nxc8 Kxc8 27. Rab1 e6 28. Rxb3 Nd5 29. Rxb5 Bxa3 30. Ra1 1-0

[Event "HUN-ch U14"]
[Site "Balatonlelle"]
[Date "2015.06.19"]
[Round "2"]
[White "Horvath, Csongor Endre"]
[Black "Kaloczi, Kristof"]
[Result "1-0"]
[WhiteElo "1523"]
[BlackElo "1781"]
[PlyCount "129"]
[EventDate "2015.06.18"]
[EventType "swiss"]
[EventRounds "9"]
[EventCountry "HUN"]
[SourceTitle "CBM 167 Extra"]
[Source "ChessBase"]
[SourceDate "2015.09.14"]
[SourceVersion "1"]
[SourceVersionDate "2015.09.14"]
[SourceQuality "1"]

1. e4 c5 2. Nf3 e6 3. d4 cxd4 4. Nxd4 a6 5. Nc3 Qc7 6. Bd3 Bc5 7. Nb3 Be7 8. Qg4 Nf6 9. Qxg7 Rg8 10. Qh6 Rxg2 11. Bf4 Ng4 12. Bxc7 Nxh6 13. Bg3 b5 14. Bf1 Rxg3 15. hxg3 Bf8 16. Bg2 Bb7 17. Na5 Bc6 18. Nxc6 Nxc6 19. e5 Rc8 20. Bxc6 Rxc6 21. 0-0-0 Ng4 22. Rxh7 Nxe5 23. Ne4 d5 24. f4 Ng4 25. Ng5 f6 26. Nf3 Nf2 27. Rd2 Ne4 28. Rg2 Rd6 29. Nd4 Rd7 30. Rxd7 Kxd7 31. Rh2 Nxg3 32. Rh7+ Be7 33. Kd1 Ne4 34. Nc6 Kxc6 35. Rxe7 Kd6 36. Ra7 e5 37. Rxa6+ Kc5 38. fxe5 fxe5 39. Re6 Nf2+ 40. Ke2 Ng4 41. Kf3 Nh2+ 42. Kg3 Nf1+ 43. Kf2 Nh2 44. Rg6 e4 45. Rg3 Nf3 46. Rxf3 exf3 47. Kxf3 Kc4 48. Ke2 Kd4 49. Kd2 Kc4 50. a3 Kd4 51. b3 Kc5 52. Kd3 Kc6 53. Kd4 Kd6 54. c3 Kc6 55. Kd3 Kc5 56. Kc2 d4 57. Kd3 dxc3 58. Kxc3 Kc6 59. Kd4 Kd6 60. b4 Kc6 61. Ke5 Kc7 62. Kd5 Kb6 63. Kd6 Kb7 64. Kc5 Ka6 65. Kc6 1-0

[Event "HUN-ch U14"]
[Site "Balatonlelle"]
[Date "2015.06.18"]
[Round "1"]
[White "Vodila, Martin Botond"]
[Black "Horvath, Csongor Endre"]
[Result "1-0"]
[WhiteElo "1941"]
[BlackElo "1523"]
[PlyCount "71"]
[EventDate "2015.06.18"]
[EventType "swiss"]
[EventRounds "9"]
[EventCountry "HUN"]
[SourceTitle "CBM 167 Extra"]
[Source "ChessBase"]
[SourceDate "2015.09.14"]
[SourceVersion "1"]
[SourceVersionDate "2015.09.14"]
[SourceQuality "1"]

1. e4 c5 2. Nf3 d6 3. d4 cxd4 4. Qxd4 Nc6 5. Bb5 Bd7 6. Bxc6 Bxc6 7. Nc3 Nf6 8. Bg5 e6 9. 0-0-0 Be7 10. Rhe1 0-0 11. Qd2 b5 12. Nd4 b4 13. Nxc6 bxc3 14. Qxc3 Qc7 15. Nxe7+ Qxe7 16. Bxf6 gxf6 17. Qg3+ Kh8 18. Qxd6 Qxd6 19. Rxd6 Rad8 20. Rxd8 Rxd8 21. Rd1 Rg8 22. g3 Kg7 23. Rd7 Ra8 24. c4 a5 25. Kc2 e5 26. Kc3 h6 27. c5 Kg6 28. c6 Ra6 29. Rd6 Ra7 30. Kc4 Ra8 31. c7 Rc8 32. Rd7 f5 33. exf5+ Kxf5 34. Kd5 f6 35. Kc6 Ra8 36. Kb7 1-0